[Event "Mulhouse WIM 2012"]
[Site "Mulhouse FRA"]
[Date "2012.07.06"]
[Round "7.1"]
[White "Fruteau,S"]
[Black "Richard,E"]
[Result "1-0"]
[WhiteElo "2100"]
[BlackElo "2066"]

1.e4 c5 2.Nf3 Nc6 3.Bb5 d6 4.O-O Bd7 5.c3 Nf6 6.d4 cxd4 7.cxd4 Nxe4 8.d5 Nb8
9.Bxd7+ Nxd7 10.Re1 Nef6 11.Nc3 a6 12.Bf4 Nb6 13.Qb3 g6 14.a4 Rb8 15.a5 Nc8
16.Ne4 Nxe4 17.Qa4+ Qd7 18.Qd4 Rg8 19.Qxe4 Bg7 20.Re2 Bf6 21.Ng5 h6 22.Nh7 Kd8
23.Nxf6 exf6 24.Qd4 Qf5 25.Rae1 b5 26.Qb4 Qd7 27.Qc3 Qf5 28.Qc6 Qd7 29.Qxa6 g5
30.Be3 Qb7 31.Qxb7 Rxb7 32.a6 Re7 33.a7 Rxa7 34.Bxa7 Nxa7 35.Re7 Nc8 36.Rxf7 Rg6
37.Rb7 f5 38.Rxb5 f4 39.f3 Rg7 40.Rc1 Rc7 41.Rc3 Kd7 42.Kf2 Ne7 43.Rxc7+ Kxc7
44.g3 Ng6 45.Rb4 fxg3+ 46.hxg3 Ne5 47.Rd4 Kb6 48.b4 Kb5 49.Ke3 h5 50.Re4 Nc4+
51.Kd3 Nb6 52.Re6 Nxd5 53.Rxd6 Nxb4+ 54.Ke4 h4 55.gxh4 gxh4 56.Rh6 Kc5 57.Rxh4 Kd6
58.Kf5 Nc2 59.Re4  1-0

[Event "7th Wroclaw Open A"]
[Site "Wroclaw POL"]
[Date "2012.07.06"]
[Round "5.23"]
[White "Rimeikis,A"]
[Black "Spicak,K"]
[Result "1-0"]
[WhiteElo "2091"]
[BlackElo "1990"]

1.e4 c5 2.Nf3 Nc6 3.Bb5 Qb6 4.Qe2 e6 5.O-O Nge7 6.c3 a6 7.Ba4 Qc7 8.d4 b5
9.Bc2 cxd4 10.cxd4 Nb4 11.Bb3 d5 12.Nc3 Bb7 13.a3 dxe4 14.Nxe4 Nbd5 15.Nc5 Bc8
16.Bd2 Qd8 17.a4 Rb8 18.axb5 axb5 19.Ne5 Qd6 20.Ra7 f6 21.Ne4 Qb6 22.Ba5 Qxa7
23.Nd6+  1-0

[Event "35th Barbera Open A"]
[Site "Barbera del Valles ESP"]
[Date "2012.07.07"]
[Round "4.2"]
[White "Quesada Perez,Yu"]
[Black "Gonzalez Perez,A"]
[Result "1/2-1/2"]
[WhiteElo "2626"]
[BlackElo "2452"]

1.e4 c5 2.Nf3 Nc6 3.Bb5 e6 4.O-O Nge7 5.Re1 a6 6.Bf1 d5 7.exd5 Nxd5 8.d4 Nf6
9.Be3 Be7 10.c4 cxd4 11.Nxd4 Bd7 12.Nc3 O-O 13.a3 Qc7 14.Qe2 Rad8 15.Rad1 Rfe8
16.b4 h6 17.h3 e5 18.Nxc6 Bxc6 19.c5 Nd5 20.Nxd5 Bxd5 21.Qc2 Qc6 22.Rd2 Qe6
23.Qc3 Bc6 24.Qc2 Rxd2 25.Bxd2 Rd8 26.Bc3 e4 27.Qb2 Qg6 28.Be5 Bg5 29.Bd6 Re8
30.b5 axb5 31.Bxb5 f5 32.Bxc6 bxc6 33.a4 f4 34.h4 Bxh4 35.Bxf4 Bg5 36.Qb3+ Kh7
37.Bxg5 Qxg5 38.Qe3 Qf5 39.a5 Ra8 40.Qc3 Qd5 41.Ra1 Ra6 42.Qb4 Qd3 43.Re1 Ra8
44.Kh2 Re8 45.Re3 Qc2 46.Kg1 Qd1+ 47.Re1 Qd3 48.Qb1 Ra8 49.Qa2 Qc3 50.Ra1 Qxc5
51.a6 Ra7 52.Qe2 Qd5 53.Rd1 Qe6 54.Ra1 c5 55.Ra4 c4 56.Qxc4 Qxc4 57.Rxc4 Rxa6  1/2-1/2

[Event "Werner-Ott-Open 2012"]
[Site "Berlin GER"]
[Date "2012.07.07"]
[Round "1.5"]
[White "Paulsen,D"]
[Black "Schmalzried,V"]
[Result "1-0"]
[WhiteElo "2378"]
[BlackElo "1868"]

1.Nf3 c5 2.e4 Nc6 3.Bb5 g6 4.Bxc6 bxc6 5.O-O Bg7 6.d3 Nf6 7.Nbd2 O-O 8.Rb1 d6
9.h3 e5 10.Nc4 Nh5 11.a3 Rb8 12.Bd2 Re8 13.Re1 Be6 14.b3 Qd7 15.Ng5 Bxc4
16.dxc4 d5 17.cxd5 cxd5 18.exd5 Qxd5 19.Be3 Qc6 20.Qd3 Rbc8 21.Qc4 Rc7 22.Rbd1 e4
23.Rd5 Bf8 24.h4 h6 25.Nh3 Nf6 26.Rdd1 Ng4 27.Nf4 Ne5 28.Qe2 Rd7 29.Rxd7 Qxd7
30.Rd1 Qc6 31.c4 Qf6 32.h5 Qg5 33.Nd5 Nf3+ 34.Qxf3  1-0

[Event "NIKI Open 2012"]
[Site "Nachod CZE"]
[Date "2012.07.07"]
[Round "8.5"]
[White "Sergienko,S"]
[Black "Furman,Bo"]
[Result "1-0"]
[WhiteElo "2402"]
[BlackElo "2285"]

1.e4 c5 2.Nf3 Nc6 3.Bb5 g6 4.Bxc6 bxc6 5.O-O Bg7 6.Re1 Nh6 7.c3 O-O 8.d4 cxd4
9.cxd4 f6 10.Nc3 Nf7 11.b3 d6 12.Bb2 Qa5 13.Qc2 Bd7 14.Nd2 Qh5 15.Ne2 g5
16.Rac1 Qg6 17.Ng3 Nh6 18.Ndf1 e6 19.Ba3 Nf7 20.Ne3 Rfe8 21.Nc4 d5 22.Na5 f5
23.e5 g4 24.Nb7 h5 25.Nc5 Bc8 26.Nd3 Bd7 27.Nf4 Qg5 28.Ngxh5 Nh8 29.Rcd1 Ng6
30.Bc1 Nxf4 31.Nxf4 Qh4 32.Rd3 Kf7 33.h3 gxh3 34.Rxh3 Qe7 35.Ree3 Rh8 36.Reg3 Rxh3
37.Rxh3 Rh8 38.Rxh8 Bxh8 39.Qe2 Qh4 40.Qa6 Bg7 41.Qxa7 Ke8 42.Qb8+ Qd8 43.Qa7 Kf7
44.Nd3 Kg6 45.Nc5 Bc8 46.Qb8 Qe8 47.a4 Bf8 48.Nd3 Qd7 49.Bd2 Qb7 50.Qxb7 Bxb7
51.Bb4  1-0

[Event "NIKI Open 2012"]
[Site "Nachod CZE"]
[Date "2012.07.07"]
[Round "8.7"]
[White "Neoral,A"]
[Black "Mudrak,J"]
[Result "0-1"]
[WhiteElo "2163"]
[BlackElo "2313"]

1.e4 c5 2.Nf3 Nc6 3.Bb5 Na5 4.c3 a6 5.Ba4 e6 6.d4 cxd4 7.cxd4 b5 8.Bc2 Bb7
9.O-O Be7 10.a3 d6 11.b3 Nf6 12.Nbd2 Rc8 13.Bb2 O-O 14.Re1 Qb6 15.h3 Rfd8
16.Rc1 Nc6 17.Qe2 e5 18.d5 Nb8 19.b4 Rd7 20.Bd3 g6 21.Nb3 Nh5 22.Na5 Nf4
23.Qd2 Rdc7 24.Bf1 Nd7 25.g3 Nh5 26.Kg2 Ba8 27.Rxc7 Rxc7 28.Bd3 Qb8 29.Rc1 Nb6
30.Nc6 Qe8 31.Qc2 Bf8 32.h4 Bh6 33.Nh2 Bxc1 34.Qxc1 Bxc6 35.dxc6 Nc4 36.Ba1 Rxc6
37.Ng4 Qe6 38.Be2 Nf6 39.Nh6+ Kf8 40.Bf3 Ng8 41.Bg4 Qe7 42.h5 Nxh6 43.Qxh6+ Kg8
44.hxg6 fxg6 45.Qh3 Qf6 46.Be6+ Kg7 47.Bd5 Ne3+ 48.fxe3 Rc2+  0-1

[Event "NIKI Open 2012"]
[Site "Nachod CZE"]
[Date "2012.07.07"]
[Round "8.14"]
[White "Veznik,Michael"]
[Black "Groh,Jiri1"]
[Result "0-1"]
[WhiteElo "1885"]
[BlackElo "2054"]

1.e4 c5 2.Nf3 Nc6 3.Bb5 g6 4.O-O Bg7 5.Re1 Nf6 6.c3 O-O 7.d4 cxd4 8.cxd4 d5
9.e5 Ne4 10.h3 f6 11.Qb3 Kh8 12.Nc3 fxe5 13.Bxc6 bxc6 14.Nxe4 dxe4 15.Nxe5 Qd5
16.Qc3 c5 17.Be3 Be6 18.b4 cxd4 19.Bxd4 Bf6 20.f4 Rac8 21.Bc5 Bg7 22.Red1 Qb7
23.Qe3 g5 24.g3 Bxe5 25.fxe5 Rf3 26.Qxg5 Rg8 27.Qxe7 Rgxg3+ 28.Kh2 Rxh3+
29.Kg2 Rhg3+ 30.Kh2 Qxe7 31.Bxe7 Rg6 32.Rd8+ Kg7 33.Bf8+ Kf7 34.Rf1 Rxf1
35.Bc5 Rf3 36.Rf8+ Kg7 37.Rxf3 exf3 38.a4 Bd5 39.Bxa7 Rg2+ 40.Kh3 f2 41.Bxf2 Rxf2
42.b5 Ra2  0-1

[Event "5th Int ch-Central Serbia 2012"]
[Site "Paracin SRB"]
[Date "2012.07.07"]
[Round "3.10"]
[White "Ardeleanu,A"]
[Black "Miljkovic,Mir1"]
[Result "1/2-1/2"]
[WhiteElo "2335"]
[BlackElo "2463"]

1.e4 c5 2.Nf3 Nc6 3.Bb5 g6 4.O-O Bg7 5.c3 Nf6 6.e5 Nd5 7.d4 cxd4 8.cxd4 O-O
9.Nc3 Nxc3 10.bxc3 d6 11.exd6 exd6 12.Bg5 Qc7 13.Qd2 a6 14.Ba4 b5 15.Bb3 Na5
16.Rae1 Nxb3 17.axb3 Be6 18.b4 Bd5 19.Rc1 Qc6 20.Ne1 Bc4 21.Nd3 Bxd3 22.Qxd3 Qd5
23.Bd2 Rfe8 24.Rfe1 f5 25.f3 Kf7 26.Ra1 Qc6 27.Rxe8 Rxe8 28.Re1 Rxe1+ 29.Bxe1 Qd5
30.Bd2 Bf6 31.Bf4 Bd8 32.Kf1 Ke6 33.Qe2+ Kd7 34.Bd2 a5 35.bxa5 Bxa5 36.c4 bxc4
37.Bxa5 Qxa5 38.Qxc4 d5 39.Qc1 Qc7 40.Qb2 Qc4+ 41.Kf2 Kc6 42.Kg3 g5 43.h4 h6
44.Qd2 Kb5 45.hxg5 hxg5 46.Qxg5 Qxd4 47.Qxf5 Qg7+ 48.Kf2 Qd4+ 49.Ke2 Qb2+
50.Ke3 Qc1+ 51.Ke2 Qb2+ 52.Kd1 Qd4+ 53.Kc2 Qa4+ 54.Kc1 Qa3+ 55.Kd2 Qb4+ 56.Ke3 Qc3+
57.Kf4 Kc4  1/2-1/2

[Event "7th Wroclaw Open A"]
[Site "Wroclaw POL"]
[Date "2012.07.07"]
[Round "6.3"]
[White "Kasparov,S"]
[Black "Stachowiak,K"]
[Result "0-1"]
[WhiteElo "2493"]
[BlackElo "2419"]

1.e4 c5 2.Nf3 Nc6 3.Bb5 g6 4.Bxc6 dxc6 5.d3 Bg7 6.h3 Nf6 7.Nc3 Nd7 8.Be3 e5
9.Qd2 Qe7 10.Bh6 O-O 11.Bxg7 Kxg7 12.Nh2 Rd8 13.Ng4 Nf8 14.O-O-O f6 15.f4 Bxg4
16.hxg4 exf4 17.Qxf4 Qe5 18.Qh6+ Kg8 19.Kb1 Rd7 20.Ne2 Ne6 21.Rdf1 Ng5 22.Ng1 c4
23.Nf3 Nxf3 24.gxf3 cxd3 25.cxd3 Qe7 26.Qe3 Rad8 27.Rd1 c5 28.f4 Rd4 29.g5 f5
30.a3 c4 31.Qc1 fxe4 32.dxc4 e3 33.Rde1 Rd2 34.c5 Qe4+ 35.Ka2 R8d3 36.f5 Qd5+
37.Kb1 Rxa3 38.Qxd2 exd2  0-1

[Event "Int Open ch-SVK 2012"]
[Site "Banska Stiavnica SVK"]
[Date "2012.07.08"]
[Round "2.3"]
[White "Petrik,T"]
[Black "Jacko,V2"]
[Result "1-0"]
[WhiteElo "2536"]
[BlackElo "2314"]

1.e4 c5 2.Nf3 Nc6 3.Bb5 g6 4.Bxc6 bxc6 5.O-O Bg7 6.Re1 Nh6 7.c3 O-O 8.d4 Qb6
9.h3 d5 10.e5 f6 11.exf6 exf6 12.Nbd2 Nf5 13.Nb3 cxd4 14.cxd4 Nd6 15.Nc5 Bf5
16.Nh4 Rfe8 17.Bf4 Rxe1+ 18.Qxe1 Re8 19.Qd1 Ne4 20.Nxf5 gxf5 21.Nb3 a5 22.f3 Ng5
23.Qd2 Ne6 24.Bd6 f4 25.Re1 f5 26.Kh2 Kf7 27.Qd3 Kg6 28.Nc5 Nxc5 29.Bxc5 Qd8
30.Qd2 Rxe1 31.Qxe1 Qd7 32.Qxa5 Qe6 33.Qc7 Bf6 34.Qxf4  1-0

[Event "35th Barbera Open A"]
[Site "Barbera del Valles ESP"]
[Date "2012.07.08"]
[Round "5.26"]
[White "Mammadova,G"]
[Black "Miller,Jake S"]
[Result "1-0"]
[WhiteElo "2341"]
[BlackElo "2060"]

1.e4 c5 2.Nf3 Nc6 3.Bb5 Nf6 4.Nc3 Qc7 5.Nd5 Nxd5 6.exd5 Nd4 7.Nxd4 cxd4 8.O-O g6
9.Re1 Bg7 10.c4 a6 11.Qe2 O-O 12.Ba4 e6 13.d3 b5 14.cxb5 Qa5 15.Bb3 axb5
16.Bd2 Qb6 17.Bb4 Re8 18.Rac1 Bf8 19.Bxf8 Rxf8 20.Qe5 Bb7 21.Re4 Rfc8 22.Rce1 d6
23.Qf6 Bxd5 24.Bxd5 exd5 25.Re7 Rf8 26.h4 Qd8 27.h5 gxh5 28.Qg5+ Kh8 29.Qxd5 Qc8
30.Qxd4+ Kg8 31.R1e3 h4 32.Qxh4 Qf5 33.Rf3 Qc5 34.Rg3+  1-0

[Event "FSFMB July 2012"]
[Site "Budapest HUN"]
[Date "2012.07.08"]
[Round "2.4"]
[White "Mihajlova,D"]
[Black "Nemeth,O"]
[Result "0-1"]
[WhiteElo "1431"]
[BlackElo "1837"]

1.e4 c5 2.Nf3 Nc6 3.Bb5 d6 4.O-O Bd7 5.Nc3 a6 6.Bxc6 Bxc6 7.d4 cxd4 8.Nxd4 Rc8
9.Nxc6 bxc6 10.Be3 Nf6 11.Re1 Qc7 12.Bd4 e5 13.Be3 Be7 14.Qe2 Qb7 15.Bg5 O-O
16.b3 h6 17.Bh4 Kh7 18.Rad1 Rcd8 19.Bxf6 gxf6 20.Qf3 Qd7 21.Ne2 Rg8 22.Ng3 Qg4
23.Qd3 h5 24.h3 Qg5 25.Qf3 h4 26.Qh5+ Qxh5 27.Nxh5 Kg6 28.g4 Kg5 29.Rf1 d5
30.f4+ exf4 31.Rxf4 dxe4 32.Rf5+ Kg6 33.Rdf1 Rd6 34.Nf4+ Kg7 35.Nh5+ Kg6
36.Nf4+ Kh6 37.Rh5+ Kg7 38.Rxh4 f5 39.Rh5 fxg4 40.Rf5 gxh3 41.Nxh3 Kf8+ 42.Kh1 Rh8
43.Rxf7+ Ke8 44.Kg2 Rg6+ 45.Kh2 Bd6+  0-1

[Event "Mulhouse WIM 2012"]
[Site "Mulhouse FRA"]
[Date "2012.07.08"]
[Round "9.1"]
[White "Steil Antoni,F"]
[Black "Richard,E"]
[Result "1/2-1/2"]
[WhiteElo "2156"]
[BlackElo "2066"]

1.e4 c5 2.Nf3 Nc6 3.Bb5 d6 4.O-O Bd7 5.Re1 Nf6 6.h3 a6 7.Bf1 g6 8.c3 Bg7
9.d4 cxd4 10.cxd4 e5 11.Nc3 O-O 12.dxe5 dxe5  1/2-1/2

[Event "4th Rethymno Open"]
[Site "Rethymno GRE"]
[Date "2012.07.08"]
[Round "2.15"]
[White "Marzano,C"]
[Black "Romero Holmes,A"]
[Result "0-1"]
[WhiteElo "2170"]
[BlackElo "2523"]

1.e4 c5 2.Nf3 Nc6 3.Bb5 Nf6 4.Nc3 Qc7 5.O-O Nd4 6.Bc4 e6 7.d3 a6 8.a4 b6
9.Ba2 Bd6 10.h3 Nc6 11.Nd2 Bb7 12.Nc4 Be7 13.f4 d5 14.exd5 exd5 15.Ne3 Nb4
16.Nf5 O-O 17.d4 Rfe8 18.Ne2 Nxa2 19.Rxa2 Bf8 20.c3 Re6 21.Kh2 Rae8 22.Ng1 g6
23.Ng3 Bd6 24.Kh1 R6e7 25.Ra1 a5 26.Bd2 Ba6 27.Rf2 h5 28.Nf3 Bxf4  0-1

[Event "14th Saint-Lo Festival IM"]
[Site "Saint-Lo FRA"]
[Date "2012.07.08"]
[Round "2"]
[White "Bernotas,A"]
[Black "Barbot,Pi1"]
[Result "1-0"]
[WhiteElo "2261"]
[BlackElo "2271"]

1.e4 c5 2.Nf3 Nc6 3.Bb5 Nf6 4.e5 Nd5 5.Nc3 Nc7 6.Bxc6 dxc6 7.h3 g6 8.d3 Bg7
9.Be3 b6 10.Qd2 O-O 11.Bh6 Ne6 12.Bxg7 Kxg7 13.O-O Nd4 14.Nxd4 cxd4 15.Ne4 Qd5
16.f4 c5 17.b3 Bb7 18.Rae1 Rae8 19.f5 Qxe5 20.f6+ exf6 21.Nxf6 Qxf6 22.Rxf6 Rxe1+
23.Qxe1 Kxf6 24.Qh4+ Ke6 25.Qxh7 Re8 26.Kf2 Bd5 27.g4 Kf6 28.h4 Be6 29.Qh6 Bxg4
30.Qg5+ Kg7 31.Qxg4 a5 32.Qd7 Re6 33.a3 Kg8 34.b4 axb4 35.axb4 cxb4 36.Qxd4 b5
37.Qxb4 Rf6+ 38.Ke3 Rf5 39.c4  1-0

[Event "5th Int ch-Central Serbia 2012"]
[Site "Paracin SRB"]
[Date "2012.07.09"]
[Round "4.35"]
[White "Blazeka,M"]
[Black "Kalinic,D"]
[Result "1-0"]
[WhiteElo "2216"]
[BlackElo "2082"]

1.e4 c5 2.Nf3 Nc6 3.Bb5 g6 4.O-O Bg7 5.Re1 d6 6.e5 d5 7.d4 c4 8.b3 cxb3 9.axb3 Bg4
10.h3 Bxf3 11.Bxc6+ bxc6 12.Qxf3 e6 13.Qc3 Qc8 14.Ba3 Qb7 15.Nd2 Nh6 16.Bc5 Nf5
17.Ra5 Bf8 18.Rea1 a6 19.Nf3 h5 20.Bxf8 Kxf8 21.Qc5+ Kg7 22.Qa3 Rhc8 23.b4 Qe7
24.Rxa6 Rxa6 25.Qxa6 Rc7 26.c3 Nh4 27.Nxh4 Qxh4 28.Qb6 Rc8 29.Qb7 Rf8 30.Qxc6 g5
31.Re1 g4 32.Re3 Qg5 33.Qa6 h4 34.Qe2 gxh3 35.Rxh3 Ra8 36.Qe3 Ra1+ 37.Kh2 Qg4
38.Qf3 Qg5 39.Qf6+ Qxf6 40.exf6+ Kxf6 41.Rxh4 Kg5 42.Rh3 Ra2 43.Rf3 f6 44.Kg3 Rc2
45.Re3 f5 46.Kf3 f4 47.Re5+ Kf6 48.Kxf4 Rxf2+ 49.Ke3 Rxg2 50.Kd3 Ke7 51.Re2 Rg3+
52.Kc2 Kd6 53.Kb3 Rg1 54.Ka4 Ra1+ 55.Kb5 Ra3 56.Re3 Rb3 57.Kb6 Rb2 58.b5 Rb1
59.Ka6 Ra1+ 60.Kb7 Ra3 61.b6 Rb3 62.Rh3 Kd7 63.Rh7+ Kd6 64.Rc7 Rb1 65.Ka7 Rb3
66.Rc5 Ra3+ 67.Kb8 Kd7 68.Rc7+ Kd8 69.Kb7 Rb3 70.Kc6 Rxc3+ 71.Kd6 Rb3 72.Rc6 Rb4
73.Kxe6  1-0

[Event "4th Rethymno Open"]
[Site "Rethymno GRE"]
[Date "2012.07.09"]
[Round "4.12"]
[White "Shyam,SM"]
[Black "Faibisovich,V"]
[Result "1-0"]
[WhiteElo "2486"]
[BlackElo "2372"]

1.e4 c5 2.Nf3 Nc6 3.Bb5 g6 4.Bxc6 dxc6 5.d3 Bg7 6.h3 Nf6 7.Nc3 Be6 8.O-O O-O
9.Be3 b6 10.a4 a5 11.Qd2 Ne8 12.Rfd1 Nc7 13.Bh6 Qd6 14.Ne2 f6 15.Bf4 Qd7
16.d4 cxd4 17.Qxd4 Qxd4 18.Nexd4 c5 19.Bxc7 cxd4 20.Bxb6 Rfc8 21.Bxd4 Rxc2
22.Bc3 Re2 23.Nd4 Rxe4 24.Re1 Rxe1+ 25.Rxe1 Bd7 26.Rxe7 Bxa4 27.Ne6 Bf8 28.Rb7 Bc6
29.Rc7 Bd5 30.Nxf8 Kxf8 31.Bxf6 h5 32.Kh2 Ra6 33.Bc3 a4 34.Bb4+ Kg8 35.Rd7 Be6
36.Rd8+ Kf7 37.Rf8+ Kg7 38.Rb8 Kf6 39.Kg3 Rc6 40.Bc3+ Kf7 41.Rb7+ Ke8 42.Ra7 Rc4
43.f3 Bf5 44.Kf2 Bd3 45.g4 hxg4 46.hxg4 Bc2 47.Kg3 Kd8 48.Be5 Ke8 49.Kh4 Rc5
50.f4 Kd8 51.Kg5 Ke8 52.Kf6 Rc6+ 53.Kg7 Kd8 54.Ra5 Kc8 55.Rb5 Kd7 56.Kh6 Rc4
57.Kg5 Ke6 58.Rb8 Kd5 59.Rd8+ Ke6 60.Rd6+ Ke7 61.f5 gxf5 62.gxf5 Rc5 63.f6+ Ke8
64.Re6+ Kf7 65.Re7+ Kf8 66.Kh6 Rd5 67.Bc3 Rb5 68.Rc7 Bd3 69.Bd4 Rf5 70.Rc3 Bb1
71.Rc4 Ra5 72.Rc8+ Kf7 73.Rc7+ Ke6 74.Re7+  1-0

[Event "7th Wroclaw Open A"]
[Site "Wroclaw POL"]
[Date "2012.07.09"]
[Round "8.18"]
[White "Wisniewski,M"]
[Black "Mondrzycki,B"]
[Result "0-1"]
[WhiteElo "1854"]
[BlackElo "2056"]

1.e4 c5 2.Nf3 Nc6 3.Bb5 Nf6 4.Bxc6 dxc6 5.e5 Nd5 6.h3 g6 7.O-O Bg7 8.Re1 O-O
9.d3 Nc7 10.Nbd2 Ne6 11.Nc4 Nd4 12.a4 a5 13.c3 Nxf3+ 14.Qxf3 Qc7 15.Be3 Be6
16.Bxc5 Bxc4 17.dxc4 b6 18.Be3 Bxe5 19.Bxb6 Qxb6 20.Rxe5 Qxb2 21.Rae1 e6
22.Qxc6 Qxc3 23.c5 Rfc8 24.Qd6 Rd8 25.Qc6 Rac8 26.Qf3 Qxf3 27.gxf3 Rd4 28.c6 Rxa4
29.Rc1 Kf8 30.Rb5 Ke8 31.Kg2 h5 32.Kg3 Rc7 33.Rbc5 Rb4 34.Rxa5 Rb6 35.Kf4 Rbxc6
36.Rxc6 Rxc6 37.Ke5 Rc3 38.Ra8+ Ke7 39.Ra7+ Kf8 40.Kf4 Kg7 41.h4 e5+ 42.Kxe5 Rxf3
43.Ra2 f6+ 44.Ke6 Rf4 45.Ra7+ Kh6 46.Ra2 g5 47.Kf7 gxh4 48.Ke6 Kg5 49.Ra5+ Kg4  0-1

[Event "ch-MNE 2012"]
[Site "Cetinje MNE"]
[Date "2012.07.10"]
[Round "4.4"]
[White "Kalezic,B"]
[Black "Kontic,D"]
[Result "1/2-1/2"]
[WhiteElo "2439"]
[BlackElo "2326"]

1.e4 c5 2.Nf3 Nc6 3.Bb5 g6 4.O-O Bg7 5.Re1 e5 6.c3 Nge7 7.d3 O-O 8.Na3 d6
9.h3 h6 10.Nc2 f5 11.Bc4+ Kh7 12.a3 a5 13.Ne3  1/2-1/2

[Event "5th Int ch-Central Serbia 2012"]
[Site "Paracin SRB"]
[Date "2012.07.10"]
[Round "5.17"]
[White "Kacakovski,D"]
[Black "Drenchev,P"]
[Result "0-1"]
[WhiteElo "2122"]
[BlackElo "2506"]

1.e4 c5 2.Nf3 Nc6 3.Bb5 g6 4.Bxc6 dxc6 5.d3 Bg7 6.h3 Nf6 7.Nc3 Nd7 8.Be3 e5
9.Qd2 h6 10.O-O-O Qe7 11.Nh2 Nf8 12.f4 exf4 13.Bxf4 Ne6 14.Be3 Nd4 15.Nf3 Be6
16.Qf2 O-O-O 17.e5 Nxf3 18.Bxc5 Qg5+ 19.Be3 Qxe5 20.Qxf3 Qa5 21.Bd2 Bxa2
22.Nxa2 Qxa2 23.Bc3 Bxc3 24.bxc3 Rhe8 25.Rde1 Qd5 26.Qg4+ Qd7 27.Qc4 a6 28.g4 Rxe1+
29.Rxe1 Re8 30.Rf1 Re3 31.Qf4 Rxh3 32.Re1 Rh4 33.Qf6 Rxg4 34.Re7 Rg1+ 35.Kb2 Qd8
36.Qxf7 Qb6+ 37.Ka2 Qa5+ 38.Kb3 Qb5+ 39.Ka2 Qa4+ 40.Kb2 Qa1+ 41.Kb3 Rb1+
42.Kc4 Qa2+ 43.Kd4 Qxf7 44.Rxf7 Rb5 45.c4 Rg5 46.Ke4 h5 47.d4 h4 48.Rf3 Rh5
49.Rh3 b5 50.cxb5 axb5 51.Kf4 Kd7  0-1

[Event "5th Int ch-Central Serbia 2012"]
[Site "Paracin SRB"]
[Date "2012.07.10"]
[Round "5.12"]
[White "Lukovic,V"]
[Black "Miljkovic,Mir1"]
[Result "0-1"]
[WhiteElo "2329"]
[BlackElo "2463"]

1.e4 c5 2.Nf3 Nc6 3.Bb5 d6 4.Bxc6+ bxc6 5.O-O e5 6.c3 Nf6 7.Re1 Bg4 8.h3 Bh5
9.d3 Be7 10.Nbd2 O-O 11.Nf1 Nd7 12.Ng3 Bg6 13.d4 exd4 14.cxd4 d5 15.exd5 cxd5
16.dxc5 Nxc5 17.Ne5 Bf6 18.Re2 Ne6 19.a4 Rc8 20.Ra3 Bc2 21.Rxc2 Rxc2 22.Qxc2 Bxe5
23.Ne2 Qd7 24.b4 Bd6 25.Rd3 Bxb4 26.Qb3 Nc5 27.Rxd5 Qe6 28.Qc4 a5 29.Be3 Nxa4
30.Nf4 Qc8 31.Qd4 Nc3 32.Rd7 Qc6 33.Kh1 Nb5 34.Qd3 Nd6 35.Ra7 Qc4 36.Qd1 Nf5
37.Nd5 Nxe3 38.Nxe3 Qf4 39.Qc2 h6 40.Rd7 Bd6 41.Nf1 Re8 42.Qd3 Bc5 43.f3 g6
44.Qd1 a4 45.Rd5 Bb6 46.Rd6 Qb4 47.Qd5 Qb1 48.Qc4 Re1 49.Kh2 Rxf1 50.Rxb6 Rh1+  0-1

[Event "5th Open d'Ille et Vilaine"]
[Site "Rennes FRA"]
[Date "2012.07.10"]
[Round "7.7"]
[White "Collet,D"]
[Black "Guezennec,F"]
[Result "0-1"]
[WhiteElo "1815"]
[BlackElo "2181"]

1.e4 c5 2.Nf3 Nc6 3.Bb5 g6 4.Bxc6 dxc6 5.d3 Bg7 6.h3 e5 7.Be3 Qe7 8.O-O Nf6
9.a4 O-O 10.a5 c4 11.Nbd2 cxd3 12.cxd3 Nd7 13.d4 exd4 14.Bxd4 Bxd4 15.Nxd4 a6
16.Qc2 Nf6 17.Ne2 Re8 18.Nc3 Nh5 19.f4 Qh4 20.Ne2 Be6 21.Nf3 Qe7 22.Nfd4 Rad8
23.Rae1 Bc8 24.e5 Rd5 25.Qa4 Qc5 26.Ra1 Red8 27.Rfc1 Qa7 28.Kh2 Rxd4 29.Nxd4 Rxd4
30.Qb3 Rd5 31.Rf1 Qc5 32.Qf3 Qb4 33.Rad1 Qxa5 34.g4 Ng7 35.f5 gxf5 36.gxf5 Bxf5
37.Rxd5 Qxd5 38.Qg3 Qe6 39.Rd1 h6 40.Rd6 Qa2 41.Qf2 Qa5 42.Qe3 h5 43.b4 Qxb4
44.Qg5 Qb2+ 45.Kg1 Qxe5 46.Rd2 Kh7 47.h4 Qe1+ 48.Kh2 Bg6 49.Qf4 Nf5 50.Rf2 Qe7  0-1

[Event "4th Rethymno Open"]
[Site "Rethymno GRE"]
[Date "2012.07.10"]
[Round "5.12"]
[White "Svetushkin,D"]
[Black "Stany,G"]
[Result "1-0"]
[WhiteElo "2592"]
[BlackElo "2393"]

1.e4 c5 2.Nf3 Nc6 3.Bb5 g6 4.Bxc6 dxc6 5.h3 e5 6.d3 f6 7.O-O Nh6 8.Be3 Nf7
9.a4 b6 10.a5 Ba6 11.Nc3 Bg7 12.Qb1 f5 13.b4 f4 14.axb6 axb6 15.Bd2 O-O 16.bxc5 b5
17.Qb4 Ng5 18.Nxg5 Qxg5 19.f3 Qe7 20.Ne2 Rfd8 21.Bc3 Bb7 22.d4 Rxa1 23.Rxa1 Bc8
24.dxe5 Bxe5 25.Kh2 Bb8 26.Bb2 h5 27.Qc3 Kh7 28.Qf6 Re8 29.Qxe7+ Rxe7 30.Ra8 Rb7
31.Bf6 Bd7 32.h4 b4 33.Nd4 g5 34.hxg5 Kg6 35.e5 Kf7 36.g3 fxg3+ 37.Kxg3 Ba7
38.e6+ Bxe6 39.Nxc6  1-0

[Event "7th Wroclaw Open A"]
[Site "Wroclaw POL"]
[Date "2012.07.10"]
[Round "9.13"]
[White "Rimeikis,A"]
[Black "Stremavicius,T"]
[Result "1/2-1/2"]
[WhiteElo "2091"]
[BlackElo "2221"]

1.e4 c5 2.Nf3 Nc6 3.Bb5 d6 4.Bxc6+ bxc6 5.O-O g6 6.c3 Bg7 7.d4 cxd4 8.cxd4 Nf6
9.Nc3 O-O 10.Re1 Rb8 11.h3 Nd7 12.Qe2 Qb6 13.e5 Ba6 14.Qc2 Rfe8 15.exd6 exd6
16.Bf4 Bf8 17.b3 Nf6 18.Rac1 Bb7 19.Ne4 Nxe4 20.Rxe4 Rxe4 21.Qxe4 c5 22.dxc5 Bxe4
23.cxb6 axb6 24.Nd2 Bd3 25.Nc4 b5 26.Nxd6 Ra8 27.a3 g5 28.Bg3 Rxa3 29.Rc3 Ra1+
30.Kh2 Rd1 31.Rc7 Bg6 32.Nxb5 f5 33.Nc3 Rd2 34.Be5 Bf7 35.f4 h6 36.Rc8 Be6
37.Rb8 Bd7 38.Rb6 Rc2 39.Nd5 Kf7 40.Rf6+ Kg8 41.Ne3 Rf2 42.Kg3 Rd2 43.Nxf5 Rd3+
44.Kh2 Bxf5 45.Rxf5 gxf4 46.Bxf4 Rxb3 47.h4 Rb6 48.Kh3 Bg7 49.g3 Kh7 50.Kg4 Rf6
51.Ra5 Rf7 52.Rf5 Rxf5 53.Kxf5 Bc3 54.Be5 Be1 55.Kf6 Bf2 56.Kf7 Be1 57.Kf6 Bf2
58.Kf5 Be1 59.Kg4 Kg6 60.h5+ Kh7  1/2-1/2

[Event "16th Godesburg Open"]
[Site "Bad Godesberg GER"]
[Date "2012.07.11"]
[Round "5.3"]
[White "Boidman,Y"]
[Black "Evers,L"]
[Result "1-0"]
[WhiteElo "2438"]
[BlackElo "2117"]

1.e4 c5 2.Nf3 Nc6 3.Bb5 Nf6 4.Nc3 g6 5.Bxc6 dxc6 6.h3 Bg7 7.O-O O-O 8.d3 b6
9.Be3 e5 10.Qd2 Qd6 11.Bh6 Rd8 12.Bxg7 Kxg7 13.b3 b5 14.Qg5 Re8 15.a4 h6
16.Qe3 b4 17.Ne2 Ba6 18.Nd2 Nd7 19.f4 exf4 20.Rxf4 Re7 21.Raf1 Rf8 22.Kh1 f5
23.Qf2 Ref7 24.Ng3 Ne5 25.Qe3 Bxd3 26.cxd3 Qxd3 27.Qxc5 Qc3 28.Qxc3 bxc3
29.Nc4 Nd3 30.R4f3 fxe4 31.Rxf7+ Rxf7 32.Rxf7+ Kxf7 33.Ne3 Nb4 34.Kg1 c2
35.Ne2 Kf6 36.Kf1 Ke5 37.Ke1 Nd3+ 38.Kd2 Nf4 39.Nxf4 Kxf4 40.Nxc2 Kg3 41.Ne3 Kf2
42.b4 h5 43.h4 Kg3 44.Kc3 Kxh4 45.Kd4 Kg3 46.Kxe4 h4 47.a5 a6 48.Ke5 Kf2
49.Kf4 Ke2 50.Ng4 Kf1 51.Kf3 g5 52.Ne5 Kg1 53.Nxc6 Kh2 54.Ne5 h3 55.Ng4+  1-0

[Event "35th Barbera Open A"]
[Site "Barbera del Valles ESP"]
[Date "2012.07.11"]
[Round "8.14"]
[White "Escobar Forero,A"]
[Black "Colon Garcia,E"]
[Result "1-0"]
[WhiteElo "2487"]
[BlackElo "2365"]

1.e4 c5 2.Nf3 Nc6 3.Bb5 d6 4.O-O Bd7 5.Re1 Nf6 6.c3 a6 7.Bxc6 Bxc6 8.d4 Bxe4
9.Bg5 d5 10.dxc5 e6 11.b4 Be7 12.Ne5 O-O 13.Nd2 h6 14.Bh4 Bh7 15.Nb3 Ne4
16.Bxe7 Qxe7 17.Rc1 f6 18.Ng4 Rad8 19.Qe2 e5 20.Ne3 Qf7 21.Nf1 Ng5 22.c6 bxc6
23.Qxa6 Ra8 24.Qxc6 Rfc8 25.Qb5 Ne4 26.c4 d4 27.Na5 Nc3 28.Rxc3 dxc3 29.Ne3 Bd3
30.Rc1 c2 31.h4 Kh8 32.Qa4 f5 33.Qb3 e4 34.c5 Qf6 35.Nxc2 Rxa5 36.bxa5 Rxc5
37.Qa3 Qc6 38.a6 Bxa6 39.Rd1 Rxc2 40.Qf8+ Kh7 41.Qxf5+ Qg6 42.Qxg6+ Kxg6
43.Rd6+ Kh5 44.Rxa6 Kxh4 45.Rg6 Rxa2 46.Rxg7 Ra1+ 47.Kh2 Ra2 48.g3+ Kh5 49.Kh3 Ra3
50.Rg8 Rb3 51.Kg2 Rb1 52.Re8 Re1 53.Rg8 Ra1 54.Rb8 Kg5 55.Rb5+ Kg6 56.g4 Rc1
57.Re5 Rc4 58.Kf1 Kf6 59.Rf5+ Kg6 60.Ke2 Ra4 61.Ke3 Rb4 62.Re5 Kf6 63.Rxe4 Rb1
64.f4 Rb3+ 65.Kf2 Ra3 66.Re3 Ra1 67.Rb3 Ra6 68.Kg3 Kg6 69.Kh4 Rc6 70.f5+ Kf6
71.Kh5 Ke5 72.Re3+ Kf4 73.Re6 Rc1 74.f6 Rc5+ 75.Kxh6 Kxg4 76.f7 Rh5+ 77.Kg7  1-0

[Event "4th Rethymno Open"]
[Site "Rethymno GRE"]
[Date "2012.07.11"]
[Round "6.22"]
[White "Stany,G"]
[Black "Navalgund,N"]
[Result "1-0"]
[WhiteElo "2393"]
[BlackElo "2130"]

1.e4 c5 2.Nf3 Nc6 3.Bb5 e6 4.Bxc6 bxc6 5.b3 e5 6.Nxe5 Qe7 7.Bb2 d6 8.Nc4 d5
9.Ne5 d4 10.f4 f6 11.Nd3 Qxe4+ 12.Kf2 Kf7 13.Na3 h5 14.h3 Qd5 15.Re1 Ne7
16.Nc4 Nf5 17.Qe2 Bd7 18.Ba3 Kg8 19.Na5 Rc8 20.Nb7 Re8 21.Qf1 c4 22.bxc4 Qxc4
23.Bxf8 Rxf8 24.Ndc5 Qd5 25.Qd3 Bc8 26.Qb3 Bxb7 27.Nxb7 Kf7 28.Na5 Rb8 29.Qxd5+ cxd5
30.Rab1 Rhc8 31.Rxb8 Rxb8 32.g4 hxg4 33.hxg4 Nh6 34.Nc6 Rc8 35.Nxd4 Nxg4+
36.Kf3 Nh6 37.c3 Rb8 38.Nc6 Rb2 39.Re7+ Kg6 40.Rxa7 Rxd2 41.Ne7+ Kh5 42.Ke3 Rb2
43.Nxd5 Ng4+ 44.Kd4 g5 45.a4 Rd2+ 46.Kc5 gxf4 47.Nxf4+ Kg5 48.Ne6+ Kf5 49.Nd4+ Ke4
50.a5 Rd3 51.Re7+ Ne5 52.Nb5 Rd5+ 53.Kb6 f5 54.a6 f4 55.a7 Rd8 56.Nd4  1-0

[Event "35th Barbera Open A"]
[Site "Barbera del Valles ESP"]
[Date "2012.07.12"]
[Round "9.34"]
[White "Dave,D"]
[Black "Subirachs Mancebo,G"]
[Result "1/2-1/2"]
[WhiteElo "2170"]
[BlackElo "2109"]

1.e4 c5 2.Nf3 Nc6 3.Bb5 g6 4.Bxc6 dxc6 5.d3 Bg7 6.h3 Nf6 7.Nc3 Nd7 8.O-O e5
9.a3 a5 10.a4 Nf8 11.Be3 Ne6 12.Qd2 O-O 13.Bh6 Qd6 14.Bxg7 Kxg7 15.Nd1 Rd8
16.Ne3 Nd4 17.Nh2 Be6 18.Neg4 Bxg4 19.Nxg4 h5 20.Ne3 Ne6 21.Nc4 Qc7 22.h4 Nd4
23.Ra3 b5 24.axb5 cxb5 25.Ne3 Qe7 26.f4 exf4 27.Rxf4 Qe5 28.Rf1 Qg3 29.Nd5 Qxh4
30.c3 Ne6 31.Qe3 Qg5  1/2-1/2